000 02438cam a2200409 i 4500
001 bcotR000021
005 20210215102134.0
006 m o d
007 cr cn ---uuuuu
008 131104s2013 xx o 000 0 eng d
035 _a(Sirsi) sarah0026544
035 _a(OCoLC)884028964
037 _bBCOpenCampus
_cCostFree
_fFormOnline
_gAccessOpen
040 _aBNM
_beng
_dCaBSKC
_erda
050 4 _aQA154.3
_bS75 2013
100 1 _aStitz, Carl,
_eauthor.
245 1 0 _aPrecalculus /
_cby Carl Stitz, Jeff Zeager.
250 _aCorrected ed. July 2013.
264 1 _bCarl Stitz and Jeff Zeager,
264 2 _bBCcampus, BC Open Textbook Project
300 _a1 online resource.
500 _aThis work is licensed under the Creative Commons Attribution-NonCommercial-ShareAlike License.
500 _a"Version pi = 3".
500 _aThis bibliographic record is available under the Creative Commons CC0 "No Rights Reserved" license.
520 _a"Precalculus (was College Algebra) is an introductory text. The material is presented at a level intended to prepare students for Calculus while also giving them relevant mathematical skills that can be used in other classes. The authors describe their approach as "Functions First," believing introducing functions first will help students understand new concepts more completely. Each section includes homework exercises, and the answers to most computational questions are included in the text (discussion questions are open-ended). Graphing calculators are used sparingly and only as a tool to enhance the Mathematics, not to replace it. Note: this book was updated on the BC Open textbook Project site on February, 17, 2015 to include the version of the textbook with chapters on Trigonometry."--BCcampus website.
588 _aDescription based on version viewed on BCcampus OpenEd website; title from pdf title page.
650 0 _aPrecalculus
_vTextbooks.
655 0 _aElectronic books.
700 1 _aZeager, Jeff,
_eauthor.
710 2 _aBC Open Textbook Project,
_edistributor.
710 2 _aBCcampus.
856 4 0 _3BC Open Textbook Project
_uhttps://open.bccampus.ca/find-open-textbooks/?uuid=2fdb8a19-9f31-40fe-80e9-0a4d2dd4cc7a
999 _c28183
_d28183